| 000 | 01338nam a2200349Ia 4500 | ||
|---|---|---|---|
| 001 | ebr10202554 | ||
| 003 | CaPaEBR | ||
| 006 | m u | ||
| 007 | cr cn||||||||| | ||
| 008 | 060524s2007 mnu sb s001 0 eng d | ||
| 010 | _z 2006017450 | ||
| 020 | _z9780816648665 (cased) | ||
| 020 | _z9780816648672 (pbk.) | ||
| 040 |
_aCaPaEBR _cCaPaEBR |
||
| 035 | _a(OCoLC)647686443 | ||
| 050 | 1 | 4 |
_aQP255 _b.A93 2007eb |
| 082 | 0 | 4 |
_a612.61 _222 |
| 100 | 1 | _aAydemir, Murat. | |
| 245 | 1 | 0 |
_aImages of bliss _h[electronic resource] : _bejaculation, masculinity, meaning / _cMurat Aydemir. |
| 260 |
_aMinneapolis, MN ; _aLondon : _bUniversity of Minnesota Press, _c2007. |
||
| 300 | _axxv, 334 p. | ||
| 504 | _aIncludes bibliographical references and index. | ||
| 533 |
_aElectronic reproduction. _bPalo Alto, Calif. : _cebrary, _d2009. _nAvailable via World Wide Web. _nAccess may be limited to ebrary affiliated libraries. |
||
| 650 | 0 |
_aGenerative organs, Male _xPhilosophy. |
|
| 650 | 0 |
_aHuman reproduction _xPhilosophy. |
|
| 650 | 0 |
_aEjaculation _xPhilosophy. |
|
| 650 | 0 |
_aPenis _xPhilosophy. |
|
| 650 | 0 | _aMasculinity. | |
| 655 | 7 |
_aElectronic books. _2local |
|
| 710 | 2 | _aebrary, Inc. | |
| 856 | 4 | 0 |
_uhttp://site.ebrary.com/lib/rucke/Doc?id=10202554 _zAn electronic book accessible through the World Wide Web; click to view |
| 999 |
_c119033 _d119033 |
||